[Event "Australian Masters (Women)"]
[Site "Melbourne"]
[Date "2015.01.19"]
[Round "8"]
[White "Stangl, Anita"]
[Black "Brokko, Margit"]
[Result "1-0"]
[WhiteElo "2078"]
[BlackElo "2003"]
[PlyCount "59"]
[EventDate "2015.01.12"]
[EventType "tourn"]
[EventRounds "9"]
[EventCountry "AUS"]
[SourceTitle "CBM 164 Extra"]
[Source "ChessBase"]
[SourceDate "2015.03.02"]
[SourceVersion "1"]
[SourceVersionDate "2015.03.02"]
[SourceQuality "1"]

1. e4 d6 2. d4 Nf6 3. Nc3 g6 4. Nf3 Bg7 5. Bf4 0-0 6. Qd2 Re8 7. 0-0-0 c6 8. h4 b5 9. e5 b4 10. Nb1 Nd5 11. Bh6 Bh8 12. h5 Bg4 13. hxg6 hxg6 14. Bf8 Bh5 15. Rxh5 gxh5 16. Qh6 Nd7 17. Ng5 Nxf8 18. Qxh5 Bxe5 19. Qxf7+ Kh8 20. dxe5 e6 21. Qh5+ Kg8 22. Rd4 Qc7 23. Rg4 Qg7 24. Ne4 dxe5 25. Rxg7+ Kxg7 26. Qxe5+ Kf7 27. Ng5+ Ke7 28. Qg7+ Kd8 29. Qb7 Rc8 30. Nf7# 1-0

[Event "EST-ch (Women)"]
[Site "Tallinn"]
[Date "2014.05.02"]
[Round "5"]
[White "Brokko, Margit"]
[Black "Narva, Triin"]
[Result "0-1"]
[WhiteElo "2045"]
[BlackElo "2080"]
[PlyCount "48"]
[EventDate "2014.04.28"]
[EventType "tourn"]
[EventRounds "7"]
[EventCountry "EST"]
[SourceTitle "CBM 160 Extra"]
[Source "ChessBase"]
[SourceDate "2014.07.01"]
[SourceVersion "1"]
[SourceVersionDate "2014.07.01"]
[SourceQuality "1"]

1. e4 d5 2. exd5 Qxd5 3. Nc3 Qd6 4. g3 Nf6 5. Bg2 Nc6 6. Nf3 Bg4 7. h3 Bh5 8. Ne2 e5 9. 0-0 0-0-0 10. c3 e4 11. Nh2 g5 12. g4 Bg6 13. Ng3 Bg7 14. Qa4 Rhe8 15. Re1 Ne5 16. Qxa7 Nd3 17. Rd1 Nd5 18. Qa8+ Kd7 19. Qxb7 Rb8 20. Qa7 Ra8 21. Qxa8 Rxa8 22. Nxe4 Bxe4 23. Bxe4 Nxf2 24. Bxd5 Qg3+ 0-1

[Event "Australian Masters (Women)"]
[Site "Melbourne"]
[Date "2014.01.25"]
[Round "6"]
[White "Narenthran, Savithri"]
[Black "Brokko, Margit"]
[Result "1/2-1/2"]
[WhiteElo "1779"]
[BlackElo "2044"]
[PlyCount "48"]
[EventDate "2014.01.20"]
[EventType "tourn"]
[EventRounds "11"]
[EventCountry "AUS"]
[SourceTitle "EXT 2015"]
[Source "ChessBase"]
[SourceDate "2014.11.20"]
[SourceVersion "1"]
[SourceVersionDate "2014.11.20"]
[SourceQuality "1"]

1. e4 d6 2. d4 Nf6 3. Nc3 g6 4. Be3 Bg7 5. Qd2 c6 6. h3 b5 7. Bd3 b4 8. Nce2 a5 9. Nf3 Ba6 10. 0-0 0-0 11. Bh6 Nbd7 12. Ng3 c5 13. Bxa6 Rxa6 14. c3 Rb6 15. Qg5 e6 16. Qf4 Ne8 17. Rfe1 Qf6 18. Qd2 Bxh6 19. Qxh6 Qg7 20. Qd2 Nc7 21. Rac1 Rfb8 22. e5 bxc3 23. bxc3 d5 24. c4 dxc4 1/2-1/2

[Event "Jakarta Indonesia op 3rd"]
[Site "Jakarta"]
[Date "2013.10.15"]
[Round "8"]
[White "Capitelli, Paolo"]
[Black "Brokko, Margit"]
[Result "1-0"]
[WhiteElo "2089"]
[BlackElo "2073"]
[PlyCount "45"]
[EventDate "2013.10.10"]
[EventType "swiss"]
[EventRounds "11"]
[EventCountry "INA"]
[SourceTitle "CBM 156 Extra"]
[Source "ChessBase"]
[SourceDate "2013.10.22"]
[SourceVersion "1"]
[SourceVersionDate "2013.10.22"]
[SourceQuality "1"]

1. e4 d6 2. d4 Nf6 3. Nc3 g6 4. f4 Bg7 5. Nf3 0-0 6. Bd3 a6 7. 0-0 b5 8. e5 dxe5 9. dxe5 Nfd7 10. Be4 c6 11. Be3 Qc7 12. a4 b4 13. Ne2 Bb7 14. c3 c5 15. Bc2 Re8 16. Qe1 a5 17. Qh4 Nb6 18. Ng5 h6 19. e6 hxg5 20. exf7+ Kf8 21. Qh7 Kxf7 22. Qxg6+ Kg8 23. fxg5 1-0

[Event "Jakarta Indonesia op 3rd"]
[Site "Jakarta"]
[Date "2013.10.12"]
[Round "3"]
[White "Brokko, Margit"]
[Black "Sinurat, Tumpak"]
[Result "0-1"]
[WhiteElo "2073"]
[BlackElo "2249"]
[PlyCount "70"]
[EventDate "2013.10.10"]
[EventType "swiss"]
[EventRounds "11"]
[EventCountry "INA"]
[SourceTitle "CBM 156 Extra"]
[Source "ChessBase"]
[SourceDate "2013.10.22"]
[SourceVersion "1"]
[SourceVersionDate "2013.10.22"]
[SourceQuality "1"]

1. e4 c5 2. Nc3 Nc6 3. g3 d6 4. Bg2 g6 5. d3 Bg7 6. Be3 Nf6 7. h3 Nd4 8. Qd2 Rb8 9. Nce2 e5 10. c3 Nc6 11. Bh6 0-0 12. Nf3 d5 13. Bxg7 Kxg7 14. exd5 Nxd5 15. 0-0 h6 16. Rad1 Re8 17. Nh2 Qd6 18. Ng4 Bxg4 19. hxg4 Rbd8 20. a3 Nce7 21. b4 cxb4 22. axb4 Ng8 23. Rfe1 Qb6 24. Nc1 Ngf6 25. Bf3 Nh7 26. Nb3 Ng5 27. Bg2 Qc7 28. c4 Nf6 29. f4 exf4 30. gxf4 Ne6 31. g5 hxg5 32. fxg5 Ng4 33. Re4 Qg3 34. c5 Nxg5 35. Rxg4 Nf3+ 0-1

[Event "Jakarta Indonesia op 3rd"]
[Site "Jakarta"]
[Date "2013.10.11"]
[Round "2"]
[White "Emperado, Emmanuel"]
[Black "Brokko, Margit"]
[Result "1-0"]
[WhiteElo "2297"]
[BlackElo "2073"]
[PlyCount "73"]
[EventDate "2013.10.10"]
[EventType "swiss"]
[EventRounds "11"]
[EventCountry "INA"]
[SourceTitle "CBM 156 Extra"]
[Source "ChessBase"]
[SourceDate "2013.10.22"]
[SourceVersion "1"]
[SourceVersionDate "2013.10.22"]
[SourceQuality "1"]

1. e4 d6 2. d4 Nf6 3. Nc3 g6 4. Be3 Bg7 5. h3 0-0 6. Nf3 Nbd7 7. a4 b6 8. a5 bxa5 9. Rxa5 c5 10. Ra3 cxd4 11. Bxd4 Bb7 12. Ba6 Qc8 13. Bxb7 Qxb7 14. 0-0 Nc5 15. e5 Nfe4 16. exd6 exd6 17. Bxg7 Kxg7 18. Qd4+ Kg8 19. Nd5 f5 20. Nf4 a5 21. b3 Qb4 22. Rfa1 Qb5 23. b4 Nb7 24. Qd5+ Qxd5 25. Nxd5 Kf7 26. bxa5 Ra6 27. Nb4 Raa8 28. a6 Nbc5 29. a7 Rfc8 30. Nd5 Nd7 31. Nd4 Nef6 32. Nb5 Rxc2 33. Ndc7 Nb6 34. Ra6 Nfd7 35. Nxa8 Nxa8 36. Rxd6 Ke7 37. Re1+ 1-0

[Event "Gibraltar Challengers-B 11th"]
[Site "Caleta"]
[Date "2013.01.30"]
[Round "5"]
[White "Petersen, Steffen"]
[Black "Brokko, Margit"]
[Result "0-1"]
[WhiteElo "1947"]
[BlackElo "2073"]
[PlyCount "76"]
[EventDate "2013.01.26"]
[EventType "swiss"]
[EventRounds "5"]
[EventCountry "GGB"]
[SourceTitle "EXT 2014"]
[Source "ChessBase"]
[SourceDate "2013.11.20"]
[SourceVersion "1"]
[SourceVersionDate "2013.11.20"]
[SourceQuality "1"]

1. c4 e5 2. Nc3 Nc6 3. g3 g6 4. Bg2 Bg7 5. d3 d6 6. Nf3 h6 7. 0-0 Be6 8. Bd2 Qd7 9. Re1 Bh3 10. Bh1 Nge7 11. Rb1 0-0 12. b4 f5 13. e3 g5 14. Nxg5 hxg5 15. Qh5 g4 16. b5 Nd8 17. Nd5 c6 18. Nxe7+ Qxe7 19. Bb4 Rf6 20. d4 Qf8 21. dxe5 Rh6 22. Qg5 Ne6 23. Qxh6 Bxh6 24. bxc6 bxc6 25. Bxc6 Qc8 26. Bd5 dxe5 27. Bd6 Kh7 28. Rb7+ Kg6 29. Reb1 Ng5 30. c5 Qd8 31. Rc7 Rc8 32. Rbb7 Rxc7 33. Rxc7 Bf8 34. Rc6 Kh5 35. Ra6 Bxd6 36. cxd6 Qd7 37. Bc6 Qc8 38. d7 Qxa6 0-1

[Event "Gibraltar Challengers-B 11th"]
[Site "Caleta"]
[Date "2013.01.27"]
[Round "2"]
[White "Brokko, Margit"]
[Black "Olhovik, Andrei"]
[Result "0-1"]
[WhiteElo "2073"]
[BlackElo "2246"]
[PlyCount "210"]
[EventDate "2013.01.26"]
[EventType "swiss"]
[EventRounds "5"]
[EventCountry "GGB"]
[SourceTitle "EXT 2014"]
[Source "ChessBase"]
[SourceDate "2013.11.20"]
[SourceVersion "1"]
[SourceVersionDate "2013.11.20"]
[SourceQuality "1"]

1. e4 c5 2. Nc3 Nc6 3. g3 g6 4. Bg2 Bg7 5. d3 d6 6. Be3 Rb8 7. Qd2 b5 8. Nge2 Bg4 9. 0-0 Bxe2 10. Qxe2 e6 11. Qd2 Nge7 12. Bh6 0-0 13. Bxg7 Kxg7 14. Nd1 Qa5 15. c3 b4 16. Ne3 Qc7 17. d4 bxc3 18. bxc3 cxd4 19. cxd4 Qa5 20. Qxa5 Nxa5 21. Rfc1 Rfc8 22. Rxc8 Rxc8 23. Rb1 Rc3 24. d5 exd5 25. exd5 Nc8 26. Rb8 Nb6 27. Rd8 Kf6 28. Bf1 Ke7 29. Rh8 h5 30. Bb5 Rc5 31. a4 a6 32. Bxa6 Nxa4 33. Be2 Nb6 34. Bf3 Nc8 35. g4 hxg4 36. Bxg4 Nb6 37. Bf3 Nac4 38. Nxc4 Nxc4 39. h4 Ne5 40. Bg2 Nd3 41. h5 Rc1+ 42. Bf1 gxh5 43. Rxh5 Rd1 44. Rf5 Nb4 45. Kg2 Rxd5 46. Rf4 Nc6 47. Ra4 Rd4 48. Ra6 Ne5 49. f3 Rb4 50. Kf2 f5 51. Be2 f4 52. Ke1 Ke6 53. Ra8 d5 54. Rf8 Ke7 55. Rf5 Ke6 56. Rf8 Nd7 57. Re8+ Kd6 58. Kd2 Nc5 59. Bd1 Ne6 60. Bc2 Ke5 61. Rh8 Rd4+ 62. Kc3 Rc4+ 63. Kd2 Nd4 64. Bd1 Nf5 65. Bc2 Ne3 66. Bb3 Rc7 67. Re8+ Kd4 68. Rf8 Ng2 69. Rd8 Rc5 70. Rg8 Nh4 71. Ke2 Nf5 72. Rf8 Ke5 73. Re8+ Kd6 74. Rd8+ Ke6 75. Kd3 Ra5 76. Re8+ Ne7 77. Rf8 Ke5 78. Re8 Ra7 79. Rh8 Rb7 80. Rh5+ Ke6 81. Rh6+ Ke5 82. Rh5+ Kd6 83. Kc3 Rc7+ 84. Kd3 Rb7 85. Kc3 Ra7 86. Rh4 Ke5 87. Rh5+ Ke6 88. Rh4 Kf5 89. Rh5+ Kg6 90. Re5 Rc7+ 91. Kd3 Kf6 92. Rh5 Rd7 93. Rh4 Ng6 94. Rh5 Ne5+ 95. Ke2 d4 96. Rh6+ Kg5 97. Re6 Kf5 98. Re8 d3+ 99. Kf2 Rb7 100. Rf8+ Kg5 101. Rg8+ Kh6 102. Bd1 Rb2+ 103. Ke1 Nc4 104. Rg4 Ne3 105. Rxf4 Ng2+ 0-1

[Event "EST-ch (Women)"]
[Site "Tartu"]
[Date "2010.04.01"]
[Round "6"]
[White "Brokko, Margit"]
[Black "Narva, Triin"]
[Result "1/2-1/2"]
[WhiteElo "2097"]
[BlackElo "1865"]
[PlyCount "81"]
[EventDate "2010.03.27"]
[EventType "tourn"]
[EventRounds "9"]
[EventCountry "EST"]
[SourceTitle "CBM 135 Extra"]
[Source "ChessBase"]
[SourceDate "2010.05.04"]
[SourceVersion "1"]
[SourceVersionDate "2010.05.04"]
[SourceQuality "1"]

1. e4 d5 2. exd5 Qxd5 3. Nc3 Qd6 4. g3 Nf6 5. Bg2 a6 6. Nge2 Nc6 7. d4 Bf5 8. 0-0 0-0-0 9. Bf4 e5 10. dxe5 Qe6 11. Qc1 Nxe5 12. Qe3 Nc6 13. Qxe6+ Bxe6 14. Rfd1 Bc5 15. Ne4 Nxe4 16. Bxe4 Rxd1+ 17. Rxd1 Bg4 18. Rd5 Bb6 19. Nc3 g6 20. Kg2 Bd4 21. Be3 Bxe3 22. fxe3 Re8 23. h3 Be6 24. Rc5 Nb4 25. a3 b6 26. Re5 Nxc2 27. Bxc2 Bxh3+ 28. Kxh3 Rxe5 29. e4 c6 30. Kg4 f6 31. Bb3 Kc7 32. Kf3 Re8 33. Kf4 Kd6 34. Nd1 Re7 35. Ne3 h5 36. Bg8 b5 37. b4 Rg7 38. Bb3 Re7 39. Ng2 g5+ 40. Kf3 Ke5 41. Ke3 1/2-1/2

[Event "Olympiad Women-36"]
[Site "Mallorca"]
[Date "2004.10.16"]
[Round "2.3"]
[White "Brokko, Margit"]
[Black "Le, Thi Phuong Lien"]
[Result "0-1"]
[WhiteElo "2114"]
[BlackElo "2249"]
[PlyCount "114"]
[EventDate "2004.10.15"]
[EventType "team-swiss"]
[EventRounds "14"]
[EventCountry "ESP"]
[SourceTitle "CBM 102 Extra"]
[Source "ChessBase"]
[SourceDate "2004.11.03"]
[SourceVersion "1"]
[SourceVersionDate "2004.11.03"]
[SourceQuality "1"]
[WhiteTeam "Estonia (W)"]
[BlackTeam "Vietnam (W)"]
[WhiteTeamCountry "EST"]
[BlackTeamCountry "VIE"]

1. e4 e5 2. Nf3 Nf6 3. Nxe5 d6 4. Nf3 Nxe4 5. Qe2 Qe7 6. d3 Nf6 7. Bg5 Qxe2+ 8. Bxe2 Be7 9. Nc3 h6 10. Bh4 c6 11. Ne4 Nbd7 12. 0-0-0 0-0 13. Rhe1 d5 14. Nxf6+ Bxf6 15. Bxf6 Nxf6 16. Ne5 d4 17. f4 Nd5 18. g3 Be6 19. Bg4 Bxg4 20. Nxg4 Rfe8 21. Re4 f5 22. Rxe8+ Rxe8 23. Ne5 c5 24. Kd2 g5 25. Rf1 Kg7 26. c3 dxc3+ 27. bxc3 g4 28. Rb1 Re7 29. Rb5 b6 30. Rb3 h5 31. Ra3 Rc7 32. Nc4 Kf6 33. Ra6 h4 34. Ne3 Nxe3 35. Kxe3 h3 36. a4 Re7+ 37. Kd2 Ke6 38. a5 Rb7 39. Ke3 Kd6 40. axb6 axb6 41. c4 Kc6 42. Ra8 b5 43. Ra6+ Kc7 44. cxb5 Rxb5 45. Ra2 Rb3 46. Ra5 Kb6 47. Ra8 Kb7 48. Rf8 Rb2 49. Rxf5 Rxh2 50. Rg5 Rh1 51. Kf2 Rd1 52. Rh5 Rxd3 53. Rxc5 Rf3+ 54. Kg1 Rxg3+ 55. Kh1 Rf3 56. f5 g3 57. f6 Rf1# 0-1

[Event "Heart of Finland op 14th"]
[Site "Jyvaskyla"]
[Date "2004.07.24"]
[Round "7"]
[White "Paasikangas Tella, Johanna"]
[Black "Brokko, Margit"]
[Result "1-0"]
[WhiteElo "2323"]
[BlackElo "2124"]
[PlyCount "105"]
[EventDate "2004.07.21"]
[EventType "swiss"]
[EventRounds "9"]
[EventCountry "FIN"]
[SourceTitle "EXT 2007"]
[Source "ChessBase"]
[SourceDate "2006.11.23"]
[SourceVersion "1"]
[SourceVersionDate "2006.11.23"]
[SourceQuality "1"]

1. d4 Nf6 2. Bg5 d5 3. Bxf6 exf6 4. e3 Be6 5. Bd3 Nc6 6. c3 Bd6 7. Nf3 0-0 8. Qc2 g6 9. h4 Bg4 10. Nbd2 Kg7 11. 0-0-0 h5 12. Rdg1 Rh8 13. Nh2 Be6 14. Nhf3 Qd7 15. Ne1 Ne7 16. Kb1 b5 17. f3 c5 18. e4 cxd4 19. cxd4 Rac8 20. Qd1 Bf4 21. Nc2 b4 22. Nb3 dxe4 23. fxe4 Bg4 24. Qe1 Nc6 25. Rf1 Bd6 26. Qf2 Qe7 27. Ne3 a5 28. Nd5 Qe6 29. Qxf6+ Qxf6 30. Rxf6 Bg3 31. Rhf1 Be6 32. Nb6 Rb8 33. Nd7 Rbd8 34. d5 Rxd7 35. Nc5 Ne5 36. dxe6 Rd6 37. Rxf7+ Nxf7 38. Rxf7+ Kh6 39. e7 Re8 40. Bb5 Rc8 41. e8Q Rxe8 42. Bxe8 Bxh4 43. Rd7 Rf6 44. Rd2 Bg5 45. Rd1 Rf2 46. g4 hxg4 47. Rh1+ Kg7 48. e5 g3 49. Ne6+ Kg8 50. Nxg5 g2 51. Rc1 Rf1 52. Nh3 g5 53. Bc6 1-0

[Event "Olympiad Women-35"]
[Site "Bled"]
[Date "2002.10.29"]
[Round "4.3"]
[White "Brokko, Margit"]
[Black "Salman, Mahini Mona"]
[Result "0-1"]
[WhiteElo "2156"]
[BlackElo "2234"]
[PlyCount "99"]
[EventDate "2002.10.26"]
[EventType "team-swiss"]
[EventRounds "14"]
[EventCountry "SLO"]
[SourceTitle "EXT 2003"]
[Source "ChessBase"]
[SourceDate "2002.11.25"]
[SourceVersion "1"]
[SourceVersionDate "2002.11.25"]
[SourceQuality "1"]
[WhiteTeam "Estonia (W)"]
[BlackTeam "Iran (W)"]
[WhiteTeamCountry "EST"]
[BlackTeamCountry "IRI"]

1. e4 c5 2. Nc3 Nc6 3. g3 g6 4. Bg2 Bg7 5. d3 e6 6. Be3 d6 7. Qd2 Nd4 8. f4 Ne7 9. Nd1 0-0 10. c3 Ndc6 11. Ne2 b6 12. 0-0 d5 13. e5 Ba6 14. g4 Rc8 15. Bf2 Qd7 16. Bh4 b5 17. Bf6 d4 18. Ng3 dxc3 19. bxc3 b4 20. f5 bxc3 21. Qxc3 Nd5 22. Bxd5 Qxd5 23. Bxg7 Kxg7 24. f6+ Kh8 25. Re1 Qxd3 26. Qxc5 Nd4 27. Nf2 Nf3+ 28. Kh1 Rxc5 29. Nxd3 Bxd3 30. Re3 Nxe5 31. h3 Bb5 32. Rd1 h6 33. Kg1 Rfc8 34. Ne4 Rc1 35. Rxc1 Rxc1+ 36. Kf2 Nd3+ 37. Kg3 Rg1+ 38. Kh2 Re1 39. Rxe1 Nxe1 40. Nd6 Nf3+ 41. Kg3 Nd4 42. Nxf7+ Kh7 43. Nd6 g5 44. Kf2 Bc6 45. Ke3 Nb5 46. Nc4 Bd5 47. Ne5 Nd6 48. Kd4 Bxa2 49. Kc5 Ne4+ 50. Kd4 0-1

[Event "EST-ch (Women)"]
[Site "Tallinn"]
[Date "2000.05.05"]
[Round "7"]
[White "Zainetdinova, Svetlana"]
[Black "Brokko, Margit"]
[Result "1/2-1/2"]
[WhiteElo "2100"]
[BlackElo "2157"]
[PlyCount "84"]
[EventDate "2000.04.27"]
[EventType "tourn"]
[EventRounds "9"]
[EventCountry "EST"]
[SourceTitle "CBM 075 Extra"]
[Source "ChessBase"]
[SourceDate "2000.05.11"]
[SourceVersion "2"]
[SourceVersionDate "2000.05.11"]
[SourceQuality "1"]

1. e4 d6 2. d4 Nf6 3. Nc3 g6 4. Nf3 Bg7 5. Be2 0-0 6. 0-0 c6 7. a4 Qc7 8. h3 e5 9. dxe5 dxe5 10. Bc4 b6 11. Qe2 a5 12. b3 Ba6 13. Ba3 Rc8 14. Rad1 Ne8 15. h4 Rd8 16. Ng5 Bxc4 17. Qxc4 Rxd1 18. Rxd1 h6 19. Nf3 Nd7 20. Qd3 Nf8 21. g3 Ne6 22. Qd7 Nd4 23. Qxc7 Nxf3+ 24. Kg2 Nxh4+ 25. gxh4 Nxc7 26. Rd6 Bf8 27. Rxc6 Bxa3 28. Rxc7 Rd8 29. Nd5 Bc5 30. f3 Kg7 31. Rc6 Rb8 32. c3 Rb7 33. Kg3 Bg1 34. Kg2 Bc5 35. Kg3 Bg1 36. Kg2 Bc5 37. h5 gxh5 38. Kg3 Bg1 39. Kg2 Bc5 40. Kg3 Bg1 41. Kg2 Bc5 42. Kg3 Bg1 1/2-1/2